000 00727nam a2200133Ia 4500
008 171212s9999 xx 000 0 und d
020 _a9780833047816
100 _aJohnson, David E.;Moroney, Jennifer D. P.;Cliff, Roger;Markel, M. Wade;Smallman, Laurence
245 _cJohnson, David E.;Moroney, Jennifer D. P.;Cliff, Roger;Markel, M. Wade;Smallman, Laurence
_aPreparing and Training for the Full Spectrum of Military Challenges
_bInsights from the Experiences of China, France, the United Kingdom, India, and Israel
260 _bRAND Corporation
_c2009
650 _aBusiness
650 _aMilitary planning; Operational readiness (Military science); Soldiers -- Training of
856 _uwww.jstor.org/stable/10.7249/mg836osd
999 _c352422
_d352422